000 00559nam a2200229Ia 4500
003 OSt
005 20220924151247.0
006 a|||||r|||| 00| 0
007 ta
008 220923b |||||||| |||| 00| 0 tel d
020 _c15.00
024 _a336868
037 _cTextual
040 _aARTS
_cARTS
_btel
041 _2tel
_atel
082 _aO35,3NSR6,1, M2
100 _aSribhawan
_9223887
245 0 _aPremikulora jindabad
260 _c1982
942 _hO35,3NSR6,1, M2
_cTEXL
_2CC
999 _c466011
_d466011